000 00457nam a22001817a 4500
003 MPLRDC
005 20220104124038.0
008 210129b ||||| |||| 00| 0 eng d
082 _a889 LMSJ v.821
100 _a艾玛. 达西
245 _a一见钟情
_c林森译
250 _a初版
260 _a
_b骏马文化公司
_c1988
300 _b
490 _a罗曼史集. 821
650 _a西洋小说之中文翻译
942 _cBK
_o889 LMSJ v.821
999 _c16221
_d16211